Quartiers de Marseille avec carte - Statistiques

Statistiques générales
  • Ce quiz a été pris 1 989 fois
  • Le résultat moyen est 38 sur 111
Réponses sur la Carte
Les réponses sont colorées sur une échelle allant du rouge au vert en fonction du pourcentage des utilisateurs qui les ont devinées à leur premier essai. Vous pouvez retrouver ces pourcentages ci-dessous.
 
Statistiques - réponses
Arrondissement Quartier % Correct
VI Castellane
75%
II La Joliette
71%
XVI L'Estaque
71%
I Saint-Charles
64%
XI La Valentine
63%
XIII La Rose
61%
I Noailles
61%
VIII Les Goudes
60%
VIII La Pointe Rouge
59%
X La Timone
58%
III Belle de Mai
53%
VII Le Roucas Blanc
52%
VII Endoume
51%
I Belsunce
50%
XII Saint-Barnabé
50%
V Baille
47%
IV La Blancarde
47%
IV Les Chartreux
47%
VIII Périer
47%
IX Sainte-Marguerite
47%
X Saint-Loup
47%
IV Cinq Avenues
46%
XIII Malpassé
46%
XV Saint-Antoine
46%
XIII Saint-Just
46%
VII Le Pharo
43%
VII Les Îles
43%
IX Mazargues
43%
VI Notre-Dame-du-Mont
43%
IX Sormiou
42%
XIII Château Gombert
41%
XII La Fourragère
40%
I Opéra
40%
VI Préfecture
40%
II Arenc
39%
XI La Pomme
39%
V Saint-Pierre
39%
VII Saint-Victor
39%
II Hôtel-de-Ville
38%
VI Vauban
38%
VIII Bonneveine
36%
X La Capelette
36%
XV Les Crottes
36%
XII Saint-Julien
36%
XII Les Caillols
35%
XVI Saint-Henri
35%
XIII Saint-Jérôme
35%
VIII La Plage
34%
V Le Camas
34%
XV Les Aygalades
34%
IX Les Baumettes
34%
XVI Saint-André
34%
XI Saint-Marcel
34%
VIII Montredon
33%
XII Saint-Jean du Désert
33%
XIV Les Arnavaux
32%
VIII Sainte-Anne
32%
IX Le Redon
31%
XV Saint-Louis
31%
IV Chutes-Lavie
30%
XIV Le Merlan
30%
XIII Les Olives
30%
XIV Sainte-Marthe
30%
I Le Chapitre
29%
XII Les Trois-Lucs
29%
I Thiers
29%
III Saint-Mauront
28%
V La Conception
27%
XI Les Camoins
27%
X Menpenti
27%
VIII Saint-Giniez
27%
III Saint-Lazare
27%
X Saint-Tronc
27%
IX Le Cabot
26%
VII Bompard
25%
XV Borel
25%
XI La Treille
25%
XI La Valbarelle
25%
VI Lodi
25%
XIV Saint-Joseph
25%
XV La Viste
24%
VIII Le Rouet
24%
XII Montolivet
24%
XV Notre-Dame Limite
23%
VI Palais de Justice
23%
XIII Saint-Mitre
23%
XIII La Croix-Rouge
22%
III La Villette
22%
XI Éoures
21%
VII Saint-Lambert
21%
VIII Vieille Chapelle
21%
XV La Cabucelle
20%
II Les Grands-Carmes
20%
XVI Les Riaux
20%
X Pont-de-Vivaux
20%
XI Saint-Menet
20%
XI Les Accates
19%
XIII Les Médecins
19%
XIII Palama
19%
XIV Saint-Barthélemy
19%
XV La Calade
18%
IX Vaufrèges
18%
XI La Barasse
17%
IX La Panouse
17%
XIV Le Canet
17%
IX Carpiagne
16%
XI La Millière
15%
XV Verduron
15%
XIV Bon-Secours
14%
XIII Les Mourets
14%
XV La Delorme
12%
Aucun quiz correspondant
Distribution des résultats
% des personnes avec chaque résultat
Percentile par nombre de réponses
Votre historique - résultats
Vous n’avez pas pris ce quiz